000 00743nam a2200193Ia 4500
008 0000001992 pr a 0000000000spa00
090 _aPPR00 R38d
100 1 _aRivera, Diana
_d1954
245 1 0 _aDiana Rivera
_b: corazón del alma
300 _a[12] p.
_c/ 23 cm.
500 _aExposición realizada en Galeria Coabey, San Juan (Puerto Rico), 1992 \ Con el patronazgo del maestro venezolano Jesús Rafael Soto (q.e.p.d.)
600 0 0 _aRIVERA, DIANA, 1954/
_xTRABAJOS PICTORICOS
650 1 4 _aARTE CONTEMPORANEO PUERTORRIQUEÑO
650 1 4 _xCATALOGOS
650 1 4 _xEXPOSICIONES
650 1 4 _aPINTORES PUERTORRIQUEÑOS
650 1 4 _aPINTURA PUERTORRIQUEÑA
999 _c5488
_d5488
260 _aSan Juan (Puerto Rico) : Galería Coabey
_c1992